000 00470nam a22001577a 4500
999 _c524636
_d524636
003 NUST
038 _aMr.Zahoor
082 _a621.3
100 _aMUNTAHA SAKEENA
_915439
245 _aSegmenting Dermoscopy Images Using Variational level Sets With External Force Based On Supervised Leacrning /
260 _aIslamabad :
_bCEME - NUST,
_c2016.
300 _aill, ii, 70 p. ;
500 _aHardcover.
600 _2Computer Engineering - MS Thesis
942 _2ddc
_cTHE